[Event "AUS-ch Major"]
[Site "Cammeray"]
[Date "2011.01.02"]
[Round "1"]
[White "Sewell, Robert"]
[Black "Dunn, Michael G"]
[Result "0-1"]
[WhiteElo "1556"]
[BlackElo "1909"]
[PlyCount "102"]
[EventDate "2011.01.02"]
[EventType "swiss"]
[EventRounds "11"]
[EventCountry "AUS"]
[SourceTitle "CBM 140 Extra"]
[Source "ChessBase"]
[SourceDate "2011.03.01"]
[SourceVersion "1"]
[SourceVersionDate "2011.03.01"]
[SourceQuality "1"]

1. d4 d5 2. c4 e6 3. Nc3 c6 4. cxd5 exd5 5. a3 Nf6 6. Nf3 Bf5 7. Bg5 Be7 8. e3 Nbd7 9. Bd3 Bxd3 10. Qxd3 0-0 11. Rc1 Ne4 12. Bxe7 Qxe7 13. 0-0 f5 14. b4 a6 15. Nd2 Rae8 16. Ne2 Nb6 17. f3 Nxd2 18. Qxd2 Nc4 19. Qd3 Qxe3+ 20. Qxe3 Rxe3 21. Nc3 Nxa3 22. Na4 Nb5 23. Nc5 Rf7 24. Rfe1 Rxe1+ 25. Rxe1 Nxd4 26. Re8+ Rf8 27. Re7 b6 28. Nd7 Rd8 29. Nxb6 Nc2 30. Rb7 Nxb4 31. Nxd5 Nxd5 32. Ra7 Nb4 33. Rb7 a5 34. Ra7 Rd5 35. Ra8+ Kf7 36. h4 h5 37. Kf2 f4 38. g4 fxg3+ 39. Kxg3 Kg6 40. Kf4 Nd3+ 41. Ke3 Nb2 42. Ra6 Nc4+ 43. Ke4 Rd6 44. f4 c5 45. Rxd6+ Nxd6+ 46. Kd5 Nf5 47. Kxc5 Nxh4 48. Kb5 Kf5 49. Kxa5 Kxf4 50. Kb4 g5 51. Kc3 Ke3 0-1

[Event "AUS-ch Major"]
[Site "Cammeray"]
[Date "2010.01.11"]
[Round "9"]
[White "Sewell, Robert"]
[Black "Qiao, Shan Shan"]
[Result "0-1"]
[WhiteElo "1075"]
[BlackElo "1297"]
[PlyCount "88"]
[EventDate "2010.01.02"]
[EventType "swiss"]
[EventRounds "11"]
[EventCountry "AUS"]
[SourceTitle "EXT 2011"]
[Source "ChessBase"]
[SourceDate "2010.11.26"]
[SourceVersion "1"]
[SourceVersionDate "2010.11.26"]
[SourceQuality "1"]

1. d4 d5 2. c4 e6 3. cxd5 exd5 4. a3 Nf6 5. Bg5 Nc6 6. Nf3 Bg4 7. e3 Be7 8. Be2 0-0 9. Qb3 b6 10. Qa4 Na5 11. h3 Bd7 12. Bb5 Bxb5 13. Qxb5 c6 14. Qd3 Nc4 15. b3 Nd6 16. Ne5 Rc8 17. Nd2 Nde4 18. Nxe4 Nxe4 19. Bf4 Bg5 20. Bxg5 Qxg5 21. 0-0 Rfe8 22. Rac1 Re6 23. Qa6 Rc7 24. Rc2 Qe7 25. Rfc1 c5 26. Qb5 h6 27. Nf3 Rec6 28. dxc5 Rxc5 29. Rxc5 Rxc5 30. Rxc5 Qxc5 31. Qe8+ Kh7 32. Qxf7 Qxa3 33. Qf5+ Kh8 34. Ne5 Qc1+ 35. Kh2 Qc5 36. Ng6+ Kg8 37. Qe6+ Kh7 38. Qf5 Qd6+ 39. Ne5+ Kg8 40. f4 Qf6 41. Qc8+ Kh7 42. Nd7 Qc3 43. Nf8+ Kg8 44. Ng6+ Qxc8 0-1

[Event "AUS-ch Major"]
[Site "Cammeray"]
[Date "2010.01.07"]
[Round "5"]
[White "Wan, Dennis"]
[Black "Sewell, Robert"]
[Result "1-0"]
[WhiteElo "1478"]
[BlackElo "1075"]
[PlyCount "59"]
[EventDate "2010.01.02"]
[EventType "swiss"]
[EventRounds "11"]
[EventCountry "AUS"]
[SourceTitle "EXT 2011"]
[Source "ChessBase"]
[SourceDate "2010.11.26"]
[SourceVersion "1"]
[SourceVersionDate "2010.11.26"]
[SourceQuality "1"]

1. e4 d5 2. e5 c5 3. d4 cxd4 4. Qxd4 Nc6 5. Bb5 Qa5+ 6. Nc3 Bd7 7. Qxd5 e6 8. Qe4 Bb4 9. Nge2 Qxb5 10. f4 f5 11. Qf3 Qb6 12. Be3 Bxc3+ 13. bxc3 Qb2 14. 0-0 Na5 15. Bc5 Bc6 16. Qg3 g6 17. Nd4 Bd5 18. Rfb1 Qxa1 19. Rxa1 Nc4 20. Nb5 Rc8 21. Bxa7 Ne7 22. Nd6+ Nxd6 23. exd6 Nc6 24. Bb6 Kd7 25. Bc7 b5 26. a4 Ra8 27. a5 b4 28. cxb4 Nxb4 29. Qc3 Nc6 30. Qg7+ 1-0

[Event "AUS-ch Major"]
[Site "Cammeray"]
[Date "2010.01.03"]
[Round "2"]
[White "Thiyagarajah, Anand"]
[Black "Sewell, Robert"]
[Result "1-0"]
[WhiteElo "1873"]
[BlackElo "1075"]
[PlyCount "89"]
[EventDate "2010.01.02"]
[EventType "swiss"]
[EventRounds "11"]
[EventCountry "AUS"]
[SourceTitle "EXT 2011"]
[Source "ChessBase"]
[SourceDate "2010.11.26"]
[SourceVersion "1"]
[SourceVersionDate "2010.11.26"]
[SourceQuality "1"]

1. e4 d5 2. exd5 Nf6 3. c4 c6 4. dxc6 Nxc6 5. Nc3 Bg4 6. Be2 Bxe2 7. Ngxe2 e6 8. d4 Bb4 9. Be3 Ne4 10. d5 exd5 11. cxd5 Bxc3+ 12. bxc3 Ne7 13. Qa4+ Kf8 14. Qxe4 f5 15. Qe6 Qxd5 16. Qxd5 Nxd5 17. Bd4 Re8 18. Kd2 h5 19. Ng3 Nf4 20. Rhe1 Rxe1 21. Rxe1 Nxg2 22. Rg1 Nh4 23. Bxg7+ Kg8 24. Bxh8 Nf3+ 25. Ke3 Nxg1 26. Bd4 Nh3 27. Nxf5 b6 28. Ng3 h4 29. Nf5 Kf7 30. Nxh4 Ng5 31. Nf3 Ne6 32. Ne5+ Ke8 33. Nc6 a5 34. Bxb6 Kd7 35. Nd4 Ng5 36. Bxa5 Nf7 37. h4 Ne5 38. Bb4 Ng4+ 39. Kf3 Ne5+ 40. Kf4 Nd3+ 41. Kg5 Nxf2 42. Kg6 Ng4 43. h5 Ne5+ 44. Kg7 Ke8 45. h6 1-0